000 00812nam a2200253Ia 4500
003 OSt
005 20220923222634.0
006 a|||||r|||| 00| 0
007 ta
008 220922b |||||||| |||| 00| 0 hin d
024 _a206,687
037 _cTextual
040 _aARTS
_cARTS
_bhin
041 _2hin
_ahin
082 _aO152,3M88x, M9
100 _aचतुर्वेदी, माखन लाल
245 0 _aकला का अनुवाद
246 _aKalā kā anuvāda
260 _aदिल्ली
_b प्रभात प्रका0
_c1989
300 _a128पृ.
_ccm.
650 _aहिन्दी साहित्य
_9156264
942 _hO152,3M88x, M9
_cTEXL
_2CC
999 _c357329
_d357329